India sits on AIDS bomb / (Record no. 66232)

MARC details
000 -LEADER
fixed length control field 00551nam a22001577a 4500
005 - DATE AND TIME OF LATEST TRANSACTION
control field 20120505134623.0
020 ## - INTERNATIONAL STANDARD BOOK NUMBER
International Standard Book Number 8176461091
Terms of availability 250.00
035 ## - SYSTEM CONTROL NUMBER
System control number A-996372
037 ## - SOURCE OF ACQUISITION
Stock number DPL
Source of stock number/acquisition ENG
100 ## - MAIN ENTRY--PERSONAL NAME
Personal name Sinha, S.P.
245 ## - TITLE STATEMENT
Title India sits on AIDS bomb /
Statement of responsibility, etc by S.P. Sinha
260 ## - PUBLICATION, DISTRIBUTION, ETC. (IMPRINT)
Place of publication, distribution, etc Delhi
Name of publisher, distributor, etc B.R. Publishing Corporation
Date of publication, distribution, etc 1999
300 ## - PHYSICAL DESCRIPTION
Extent ix, 106p.
Dimensions 20 cms.
942 ## - ADDED ENTRY ELEMENTS (KOHA)
Source of classification or shelving scheme Dewey Decimal Classification
Item type English Books
Classification part 362.1969792
Call number suffix SIN
Holdings
Withdrawn status Lost status Not for loan Collection code Home library Current library Date acquired Cost, normal purchase price Full call number Barcode Cost, replacement price Koha item type
      Non-fiction Sarojini Nagar Sarojini Nagar 05/05/2012 250.00 362.1969792 SIN A-996372 250.00 English Books

© Delhi Public Library
Hit Counter
free hit counter